00824nas a2200193 4500001001000000003000400010005001700014008004100031040002500072043000900097245002500106260009300131300003200224310001500256362004500271500007600316952022100392999001700613000037119DLC20200930080143.0120216c19819999dr qr1p dd 0 0spa d aDO-SdBNPbspacBNPHU anwdr00aVisión dominicana. aSanto Domingo :bDirección General de Información y Prensa de la Presidencia,c1981. av. :bil., retrs. ;c28 cm. aTrimestral aAño 1. no. 1 (16 de diciembre de 1981) aCatalogación basada en el ejemplar año 1. no. 1 (16 de diciembre de 00103Préstamo en sala56708SEaPDbPDcNAd2012-04-16e4haño 1. no. 1 (16 de agosto de 1981)i201204162012041620111113l0ono. 1p37119-1-1-1r2020-08-08w2020-08-08yISSUEzEdición especial: 25 aniversario c36609d36609